<?xml version="1.0" encoding="UTF-8"?>
<collection xmlns="http://www.loc.gov/MARC21/slim">
<record>
  <controlfield tag="001">3444</controlfield>
  <controlfield tag="005">20180123155044.0</controlfield>
  <datafield tag="037" ind1=" " ind2=" ">
    <subfield code="a">CTALK-2018-0042</subfield>
  </datafield>
  <datafield tag="100" ind1=" " ind2=" ">
    <subfield code="a">Vanneste, Kris</subfield>
  </datafield>
  <datafield tag="245" ind1=" " ind2=" ">
    <subfield code="a">How good should we expect probabilistic seismic hazard maps to be?</subfield>
  </datafield>
  <datafield tag="260" ind1=" " ind2=" ">
    <subfield code="c">2017</subfield>
  </datafield>
  <datafield tag="269" ind1=" " ind2=" ">
    <subfield code="c">2017-04-20</subfield>
  </datafield>
  <datafield tag="594" ind1=" " ind2=" ">
    <subfield code="a">NO</subfield>
  </datafield>
  <datafield tag="700" ind1=" " ind2=" ">
    <subfield code="a">Stein, Stein</subfield>
  </datafield>
  <datafield tag="700" ind1=" " ind2=" ">
    <subfield code="a">Camelbeeck, Thierry</subfield>
  </datafield>
  <datafield tag="700" ind1=" " ind2=" ">
    <subfield code="a">Vleminckx, Bart</subfield>
  </datafield>
  <datafield tag="773" ind1=" " ind2=" ">
    <subfield code="t">SSA Annual Meeting, Denver, USA</subfield>
  </datafield>
  <datafield tag="856" ind1="0" ind2=" ">
    <subfield code="f">kris.vanneste@observatoire.be</subfield>
  </datafield>
  <datafield tag="856" ind1="4" ind2="2">
    <subfield code="a">http://www2.seismosoc.org/FMPro?-db=Abstract_Submission_17&amp;-sortfield=PresDay&amp;-sortorder=ascending&amp;-sortfield=Special+Session+Name+Calc&amp;-sortorder=ascending&amp;-sortfield=PresTimeSort&amp;-sortorder=ascending&amp;-op=cn&amp;Abstract+Title=&amp;-op=cn&amp;Abstract+Authors+%7C+Affiliations=vanneste&amp;-op=cn&amp;Abstract+Number=&amp;-op=gt&amp;PresStatus=0&amp;-lop=and&amp;-token.1=ShowSession&amp;-recid=2712&amp;-format=%2Fmeetings%2F2017%2Fabstracts%2Fsessionabstractdetail.html&amp;-lay=MtgList&amp;-find</subfield>
  </datafield>
  <datafield tag="906" ind1=" " ind2=" ">
    <subfield code="a">Contributed</subfield>
  </datafield>
  <datafield tag="980" ind1=" " ind2=" ">
    <subfield code="a">CTALKCONT</subfield>
  </datafield>
</record>
</collection>